Monique Coleman Filmography - Statistics

General Stats
  • This quiz has been taken 2 times
  • The average score is 8 of 16
Answer Stats
Hint Answer % Correct
2021 A Christmas Dance Reunion
100%
2006 High School Musical
100%
2007 High School Musical 2
100%
2008 High School Musical 3: Senior Year
100%
2018 Broken Star
50%
2014 Free the Nipple
50%
2015 Naomi and Ely's No Kiss List
50%
2021 Phobias
50%
1997 The Ditchdigger's Daughters
50%
2017 The Outdoorsman
50%
2005 The Reading Room
50%
2019 I Am Somebody's Child: The Regina Louise Story
0%
2020 Steppin' Back to Love
0%
2021 The F*** Happened
0%
2017 We Are Family
0%
2020 Witness Infection
0%
No matching quizzes found
Score Distribution
Percent of People with Each Score
Percentile by Number Answered
Your Score History
You have not taken this quiz